| 000 | 00486nam a22001817a 4500 | ||
|---|---|---|---|
| 003 | CEME | ||
| 005 | 20210628202525.0 | ||
| 008 | 210122b xxu||||| |||| 00| 0 eng d | ||
| 020 | _a0-415-29831-8 | ||
| 040 | _c. | ||
| 082 | _a551.5784 REE | ||
| 100 |
_aRees, Gareth . W _960331 |
||
| 245 | _aRemote sensing of snow and ice | ||
| 260 |
_aNEW DELHI _bTAYLOR AND FRANCIS _c2005 |
||
| 300 | _aXIX,285P | ||
| 650 |
_aSNOW- REMOTE SENSING, ICE- REMOTE SENSING _960332 |
||
| 942 |
_cBK _2ddc |
||
| 999 |
_c570083 _d570083 |
||